Liam Payne - wszystkie piosenki - Statystyki

Ogólne statystyki
  • Ten quiz został rozwiązany 4 razy
  • Średni wynik to 14 z 25
Statystyki odpowiedzi
Odpowiedź % Poprawnych
All I Want (For Christmas)
100%
For You
100%
Get Low
100%
Both Ways
67%
Familiar
67%
Heart Meet Break
67%
Live Forever
67%
Midnight
67%
Naughty List
67%
Polaroid
67%
Remember
67%
Rude Hours
67%
Say It All
67%
Stack It Up
67%
Strip That Down
67%
Sunshine
67%
Teardrops
67%
Bedroom Floor
33%
First Time
33%
Hips Don't Lie
33%
Tell Your Friends
33%
Weekend
33%
Depend On It
0%
Home With You
0%
Slow
0%
Nie znaleziono quizów pasujących do podanych kryteriów
Rozkład punktacji
Procent ludzi z każdym wynikiem
Percentyl według liczby udzielonych odpowiedzi
Twoja historia wyników
Nie rozwiązałeś tego quizu